000 00766nam a22002777a 4500
001 BR8801016
003 BR-BrBNA
005 20230928092843.0
007 ta
008 230509b bl.||||| |||| 00| 0 por d
040 _aBR-BrBNA
_bpor
_cBiblioteca Nacional de Agricultura
041 _a(Por)
072 _aL01
_b5240
_b/G922
090 _ 5240 BR8801016
100 1 _aCoimbra Filho, A.
245 1 _aTudo sobre criacao de ovelhas na Australia
246 1 _a[Everything about the creation of ewes in Australia]
260 3 _aPorto Alegre, RS (Brasil):
_bCentaurus,
_c1981.
300 _a87 p.
500 _a15 tables; 38 illus.
650 _aOVELHA
650 _aCRIACAO
650 _aAUSTRALIA
909 _a202309
_bLucia
_c55
_dLucia Elande
942 _cBK
999 _c41586
_d41586